[Event "34th European Club Cup 2018"]
[Site "Halkidiki"]
[Date "2018.10.14"]
[Round "3"]
[White "Maksimovic, Marko"]
[Black "Hasenohr, Benedict"]
[Result "0-1"]
[WhiteElo "2187"]
[BlackElo "2277"]
[Annotator "NA"]
[PlyCount "72"]
[EventDate "2018.10.12"]
[EventType "team-tourn"]
[EventCountry "GRE"]
[SourceTitle "playchess.com"]
[Source "ChessBase"]
[SourceQuality "1"]
[WhiteTeam "Partizan"]
[BlackTeam "Winterthur"]

1. d4 d5 2. Bf4 c5 3. e3 Nc6 4. c3 Nf6 5. Nf3 Qb6 6. Qb3 c4 7. Qc2 Bf5 8. Qc1 h6 9. Nbd2 Rc8 10. h3 e6 11. Be2 Qd8 12. Ne5 b5 13. b4 a5 14. a3 Be7 15. O-O O-O 16. Bd1 Nxe5 17. dxe5 Ne4 18. Nxe4 Bxe4 19. Bc2 Bxc2 20. Qxc2 Ra8 21. Rad1 f5 22. g4 Ra7 23. gxf5 Rxf5 24. Bg3 Qa8 25. Rd4 axb4 26. axb4 Ra2 27. Qb1 Ra3 28. Rc1 Rb3 29. Qc2 Qa3 30. e4 dxe4 31. Rxe4 Rf3 32. Re3 Bg5 33. Kg2 Rxe3 34. Qg6 Qa8+ 35. Kh2 Rxg3 36. Qxe6+ Kh8 0-1

[Event "34th European Club Cup 2018"]
[Site "Halkidiki"]
[Date "2018.10.14"]
[Round "3"]
[White "Salihu, Sami"]
[Black "Blomqvist, Erik"]
[Result "0-1"]
[WhiteElo "2182"]
[BlackElo "2499"]
[Annotator "RC"]
[PlyCount "84"]
[EventDate "2018.10.12"]
[EventType "team-tourn"]
[EventCountry "GRE"]
[SourceTitle "playchess.com"]
[Source "ChessBase"]
[SourceQuality "1"]
[WhiteTeam "Dardania"]
[BlackTeam "Nordstrand"]

1. e4 c5 2. Nf3 d6 3. Bb5+ Nd7 4. O-O a6 5. Bd3 Ngf6 6. c3 b5 7. Bc2 Bb7 8. Re1 c4 9. b4 e6 10. a4 Be7 11. d4 cxd3 12. Bxd3 bxa4 13. Rxa4 O-O 14. Nbd2 a5 15. Nc4 Nb6 16. Nxb6 Qxb6 17. b5 Rfc8 18. c4 Nd7 19. Be3 Qc7 20. Qb3 Nc5 21. Bxc5 Qxc5 22. Qa2 Bd8 23. Nd2 Bb6 24. Nb3 Qe5 25. Qd2 g6 26. Kh1 g5 27. f3 Ra7 28. Bb1 h5 29. Nc1 Bd4 30. Rd1 Bb6 31. Qxd6 Rd8 32. Qxd8+ Bxd8 33. Rxd8+ Kg7 34. Ne2 g4 35. Ra2 Qc7 36. Rad2 Qxc4 37. Ng3 Qxb5 38. Bd3 Qc5 39. Rc2 Qe5 40. f4 Qa1+ 41. Bf1 h4 42. Nh5+ Kh6 0-1

[Event "34th European Club Cup 2018"]
[Site "Halkidiki"]
[Date "2018.10.14"]
[Round "3"]
[White "Nordenbaek, Jan"]
[Black "Bellincampi, Stefano"]
[Result "1/2-1/2"]
[WhiteElo "2173"]
[BlackElo "2078"]
[Annotator "NA"]
[PlyCount "73"]
[EventDate "2018.10.12"]
[EventType "team-tourn"]
[EventCountry "GRE"]
[SourceTitle "playchess.com"]
[Source "ChessBase"]
[SourceQuality "1"]
[WhiteTeam "Hillerod"]
[BlackTeam "Lazio ASD"]

1. Nf3 d5 2. b3 Nf6 3. Bb2 Bf5 4. e3 e6 5. Be2 h6 6. O-O Bd6 7. c4 c6 8. d4 O-O 9. Nbd2 Nbd7 10. Ne5 Qe7 11. Nxd7 Nxd7 12. c5 Bc7 13. b4 e5 14. Re1 e4 15. Bc3 Qh4 16. g3 Qg5 17. b5 Nf6 18. bxc6 bxc6 19. Qa4 Bd7 20. Ba5 Bxa5 21. Qxa5 Ng4 22. Qc7 Qh5 23. Nf1 Qf5 24. Qf4 Qxf4 25. exf4 Rfb8 26. Reb1 a5 27. Ne3 Nf6 28. a4 Bc8 29. Kf1 Ne8 30. Ke1 Nc7 31. Kd2 Kf8 32. Kc3 g6 33. Nc2 h5 34. Ne3 Ba6 35. Bxa6 Nxa6 36. Nc2 Ke7 37. h4 1/2-1/2

[Event "34th European Club Cup 2018"]
[Site "Halkidiki"]
[Date "2018.10.14"]
[Round "3"]
[White "Duijn, Rob"]
[Black "Guha, Chirag"]
[Result "1-0"]
[WhiteElo "2169"]
[BlackElo "1849"]
[Annotator "NA"]
[PlyCount "139"]
[EventDate "2018.10.12"]
[EventType "team-tourn"]
[EventCountry "GRE"]
[SourceTitle "playchess.com"]
[Source "ChessBase"]
[SourceQuality "1"]
[WhiteTeam "Deloitte"]
[BlackTeam "Wood Green"]

1. d4 d5 2. Nf3 Nf6 3. Bg5 Ne4 4. Bh4 g6 5. e3 Bg7 6. Nbd2 c5 7. c3 Nxd2 8. Qxd2 cxd4 9. exd4 Bf5 10. Bb5+ Nc6 11. O-O O-O 12. h3 Qc7 13. Rfe1 Rfe8 14. Re2 h6 15. Rae1 Be4 16. Nh2 h5 17. f3 Bf5 18. Bxc6 bxc6 19. Rxe7 Rxe7 20. Bxe7 Be6 21. Bg5 c5 22. dxc5 Qxc5+ 23. Be3 Qc4 24. a3 a5 25. Nf1 Rb8 26. Re2 Bf5 27. Bf4 Rb5 28. Re8+ Kh7 29. Be5 Bxe5 30. Rxe5 Be6 31. Re2 Qc5+ 32. Ne3 Qb6 33. Kh1 Qd6 34. Nf1 Qb6 35. Rf2 Rb3 36. Kg1 Rb5 37. g4 Qd6 38. Kg2 hxg4 39. hxg4 Rb8 40. Kg1 Qb6 41. Ne3 Rd8 42. Qd4 Qxd4 43. cxd4 Rb8 44. Nd1 Kh6 45. Kg2 Kg5 46. Kg3 Rh8 47. Rh2 Rc8 48. Nc3 Rc4 49. Rd2 Rc8 50. Ne2 Rc4 51. b3 Rc7 52. Rb2 Kf6 53. Kf4 Ke7 54. Ke3 Kd6 55. Kd2 f5 56. g5 Bf7 57. Rc2 Rb7 58. Nc1 Be8 59. Rc5 a4 60. b4 Bb5 61. Na2 Rh7 62. Nc3 Bc6 63. b5 Rh2+ 64. Ke3 Bb7 65. Nxa4 Ra2 66. Rc3 Ra1 67. Nc5 Bc8 68. a4 Ra2 69. Kf4 Rd2 70. Nb3 1-0

[Event "34th European Club Cup 2018"]
[Site "Halkidiki"]
[Date "2018.10.14"]
[Round "3"]
[White "Ledger, Dave J"]
[Black "Bednarich, Jan"]
[Result "1/2-1/2"]
[WhiteElo "2168"]
[BlackElo "2200"]
[Annotator "NA"]
[PlyCount "131"]
[EventDate "2018.10.12"]
[EventType "team-tourn"]
[EventCountry "GRE"]
[SourceTitle "playchess.com"]
[Source "ChessBase"]
[SourceQuality "1"]
[WhiteTeam "Blackthorne"]
[BlackTeam "Bonnevoie"]

1. e4 c5 2. Nf3 Nc6 3. d4 cxd4 4. Nxd4 Qb6 5. Nb3 Nf6 6. Nc3 e6 7. a3 Qc7 8. f4 d6 9. Qf3 a6 10. Be3 b5 11. Bd3 Bb7 12. O-O Be7 13. Kh1 h6 14. Qg3 h5 15. f5 h4 16. Qh3 e5 17. g4 d5 18. exd5 Nd4 19. Nxd4 exd4 20. Bxd4 Nxd5 21. Nxd5 Bxd5+ 22. Kg1 O-O-O 23. Qe3 Bb7 24. c3 Bd6 25. Be4 Bxh2+ 26. Kh1 Rhe8 27. Bxb7+ Qxb7+ 28. Qf3 Re2 29. Qxb7+ Kxb7 30. Rf2 Rxf2 31. Bxf2 Be5 32. Re1 f6 33. Bd4 Bxd4 34. Re7+ Kc6 35. cxd4 Kd5 36. Rxg7 Ke4 37. Kg2 Kf4 38. Kh3 a5 39. Rb7 Rxd4 40. Rxb5 Kg5 41. Rxa5 Rd3+ 42. Kh2 Rb3 43. Ra4 Rxb2+ 44. Kh1 Ra2 45. Ra8 Kf4 46. Rb8 Kg3 47. Rb3+ Kxg4 48. Rb4+ Kg3 49. Rb3+ Kg4 50. Rb4+ Kg5 51. a4 h3 52. Rb3 Kg4 53. Rb4+ Kxf5 54. Rh4 Kg5 55. Rxh3 Rxa4 56. Rb3 Kg4 57. Kg2 Ra2+ 58. Kf1 f5 59. Rc3 f4 60. Rb3 Ra1+ 61. Kf2 Ra2+ 62. Kf1 Rh2 63. Ra3 f3 64. Ra8 Rh1+ 65. Kf2 Rh2+ 66. Kf1 1/2-1/2

[Event "34th European Club Cup 2018"]
[Site "Halkidiki"]
[Date "2018.10.14"]
[Round "3"]
[White "Michalczak, Thomas"]
[Black "Nestor, Kaarel"]
[Result "1/2-1/2"]
[WhiteElo "2160"]
[BlackElo "2132"]
[Annotator "ChessBase"]
[PlyCount "184"]
[EventDate "2018.10.12"]
[EventType "team-tourn"]
[EventCountry "GRE"]
[SourceTitle "playchess.com"]
[Source "ChessBase"]
[SourceQuality "1"]
[WhiteTeam "Solingen"]
[BlackTeam "Reval"]

1. e4 e6 2. d4 d5 3. Nc3 Nf6 4. e5 Nfd7 5. f4 c5 6. Nf3 Nc6 7. Be3 a6 8. Qd2 Be7 9. Bd3 b5 10. a3 Qb6 11. Qf2 cxd4 12. Nxd4 Nxd4 13. Bxd4 Bc5 14. Ne2 Bxd4 15. Nxd4 Nc5 16. b4 Ne4 17. Bxe4 dxe4 18. O-O O-O 19. Rfe1 Bb7 20. Nb3 Qxf2+ 21. Kxf2 Bd5 22. Nc5 a5 23. Ke3 Rfc8 24. Kd4 Rd8 25. g3 Rac8 26. Ke3 f5 27. exf6 gxf6 28. f5 exf5 29. Rf1 Kg7 30. Rxf5 Kg6 31. Raf1 Rd6 32. g4 Bc6 33. R1f2 axb4 34. axb4 Ra8 35. Nxe4 Ra3+ 36. Kf4 Re6 37. Nc5 Ree3 38. Nd3 Re6 39. h3 Rc3 40. Rc5 Re4+ 41. Kg3 Rxc5 42. bxc5 Re3+ 43. Kh4 Be4 44. Nf4+ Kf7 45. Nh5 f5 46. Ng3 Kg6 47. gxf5+ Kf6 48. c3 Bf3 49. Rc2 h6 50. c6 Bxc6 51. Kg4 Kf7 52. h4 Rd3 53. Rc1 Bd5 54. Kf4 Bc6 55. Ne2 Rf3+ 56. Kg4 Rd3 57. Nd4 Bd7 58. Ne2 Kf6 59. Ng3 Bc6 60. Nh5+ Kf7 61. Nf4 Re3 62. Ne6 Kf6 63. Nd4 Bd7 64. Kf4 Rd3 65. Rg1 Rxc3 66. Rg6+ Ke7 67. Rxh6 Rc4 68. Ke5 Rc5+ 69. Ke4 Rc1 70. Rh7+ Kd6 71. Rh6+ Ke7 72. Kd5 Kf8 73. Rh7 Bc8 74. h5 b4 75. h6 b3 76. Nxb3 Rd1+ 77. Ke5 Re1+ 78. Kf6 Kg8 79. Rc7 Bxf5 80. Kxf5 Rf1+ 81. Kg5 Rg1+ 82. Kf6 Rf1+ 83. Kg6 Rg1+ 84. Kf5 Rf1+ 85. Ke5 Rh1 86. Nc5 Rh5+ 87. Kf4 Rxh6 88. Ne4 Rh1 89. Nf6+ Kf8 90. Kf5 Rf1+ 91. Ke5 Re1+ 92. Kd6 Re6+ 1/2-1/2

[Event "34th European Club Cup 2018"]
[Site "Halkidiki"]
[Date "2018.10.14"]
[Round "3"]
[White "Andersen, Soren Mikkel"]
[Black "Klauner, Theid"]
[Result "1/2-1/2"]
[WhiteElo "2159"]
[BlackElo "2032"]
[Annotator "NA"]
[PlyCount "110"]
[EventDate "2018.10.12"]
[EventType "team-tourn"]
[EventCountry "GRE"]
[SourceTitle "playchess.com"]
[Source "ChessBase"]
[SourceQuality "1"]
[WhiteTeam "Bronshoj"]
[BlackTeam "Dudelange"]

1. d4 d5 2. c4 Nc6 3. cxd5 Qxd5 4. e3 e5 5. Nc3 Bb4 6. a3 Bxc3+ 7. bxc3 exd4 8. cxd4 Nf6 9. Ne2 Ne4 10. Nf4 Qa5+ 11. Bd2 Nxd2 12. Qxd2 Bd7 13. Bc4 O-O 14. Rb1 b6 15. Bd5 Rac8 16. Rc1 Qxd2+ 17. Kxd2 Na5 18. Rc3 c6 19. Ba2 Rfe8 20. Rhc1 Kf8 21. h4 Nb7 22. f3 c5 23. Bd5 Bc6 24. e4 Red8 25. dxc5 Nxc5 26. Ke3 Bxd5 27. Nxd5 Rc6 28. g4 Re6 29. Kf4 Red6 30. Ra1 f6 31. a4 Kf7 32. Kg3 g6 33. a5 f5 34. axb6 axb6 35. gxf5 gxf5 36. Nxb6 Rg8+ 37. Kh3 Nd3 38. Rc7+ Ke6 39. Nd5 Re8 40. Raa7 fxe4 41. fxe4 Nf2+ 42. Kg2 Nxe4 43. Nf4+ Ke5 44. Kf3 Nd2+ 45. Kg4 h5+ 46. Nxh5 Rg6+ 47. Kh3 Nf3 48. Ng3 Reg8 49. Re7+ Kd5 50. Ne2 Ng1+ 51. Nxg1 Rg3+ 52. Kh2 Rg2+ 53. Kh1 Rxg1+ 54. Kh2 R1g2+ 55. Kh1 Rg1+ 1/2-1/2

[Event "34th European Club Cup 2018"]
[Site "Halkidiki"]
[Date "2018.10.14"]
[Round "3"]
[White "Vanheirzeele, Daniel"]
[Black "Goganov, Aleksey"]
[Result "0-1"]
[WhiteElo "2158"]
[BlackElo "2592"]
[Annotator "ChessBase"]
[PlyCount "62"]
[EventDate "2018.10.12"]
[EventType "team-tourn"]
[EventCountry "GRE"]
[SourceTitle "playchess.com"]
[Source "ChessBase"]
[SourceQuality "1"]
[WhiteTeam "KGSRL"]
[BlackTeam "St.Petersburg"]

1. d4 Nf6 2. Nf3 b6 3. g3 Bb7 4. Bg2 c5 5. c4 cxd4 6. O-O Bxf3 7. exf3 Nc6 8. f4 e6 9. b3 Bc5 10. Bb2 Rc8 11. Nd2 O-O 12. Nf3 d5 13. Ne5 Ne7 14. Bxd4 Bxd4 15. Qxd4 dxc4 16. Qxd8 Rfxd8 17. Nxc4 Nfd5 18. Rac1 b5 19. Ne3 Nxe3 20. fxe3 Nf5 21. Bc6 b4 22. Rfe1 Rd2 23. g4 Nh4 24. Red1 Rxa2 25. f5 exf5 26. gxf5 Nxf5 27. Bd7 Rxc1 28. Rxc1 g6 29. Bxf5 gxf5 30. Rc5 Ra3 31. Rxf5 Rxb3 0-1

[Event "34th European Club Cup 2018"]
[Site "Halkidiki"]
[Date "2018.10.14"]
[Round "3"]
[White "Ejsing, Esben"]
[Black "Sparwel, Oliver"]
[Result "1/2-1/2"]
[WhiteElo "2154"]
[BlackElo "1940"]
[Annotator "NA"]
[PlyCount "68"]
[EventDate "2018.10.12"]
[EventType "team-tourn"]
[EventCountry "GRE"]
[SourceTitle "playchess.com"]
[Source "ChessBase"]
[SourceQuality "1"]
[WhiteTeam "Nordkalotten"]
[BlackTeam "Echternach"]

1. d4 Nf6 2. c4 d6 3. Nc3 Nbd7 4. e4 e5 5. Nf3 c6 6. Be2 Be7 7. O-O O-O 8. Qc2 Qc7 9. Rd1 a5 10. d5 c5 11. Ne1 Ne8 12. g3 g6 13. Bh6 Ng7 14. f4 exf4 15. gxf4 f5 16. e5 b6 17. Nb5 Qb8 18. Nxd6 Bxd6 19. exd6 Qxd6 20. Nf3 Re8 21. Bd3 Nf6 22. Qc3 Ra7 23. Ne5 Rae7 24. Re1 Ngh5 25. Bg5 Kg7 26. Nc6 Rxe1+ 27. Rxe1 Rxe1+ 28. Qxe1 Nxf4 29. Bxf4 Qxf4 30. Qe7+ Kh6 31. Qxf6 Qe3+ 32. Kg2 Qd2+ 33. Kg1 Qe3+ 34. Kg2 Qd2+ 1/2-1/2

[Event "34th European Club Cup 2018"]
[Site "Halkidiki"]
[Date "2018.10.14"]
[Round "3"]
[White "Walton, Alan J"]
[Black "Tzagarakis, Panagiotis"]
[Result "1-0"]
[WhiteElo "2152"]
[BlackElo "1724"]
[Annotator "NA"]
[PlyCount "73"]
[EventDate "2018.10.12"]
[EventType "team-tourn"]
[EventCountry "GRE"]
[SourceTitle "playchess.com"]
[Source "ChessBase"]
[SourceQuality "1"]
[WhiteTeam "Oldham"]
[BlackTeam "Chania CC"]

1. d4 Nf6 2. Bg5 d5 3. e3 c5 4. c3 Qb6 5. b3 Bf5 6. Bd3 Ne4 7. Bf4 Qg6 8. Bb5+ Nd7 9. Kf1 a6 10. Be2 h5 11. Nf3 h4 12. h3 f6 13. c4 cxd4 14. Nxd4 e5 15. Nxf5 exf4 16. Bg4 Rd8 17. cxd5 Qf7 18. Nd2 Qxd5 19. Bh5+ Rxh5 20. Qxh5+ Qf7 21. Qxf7+ Kxf7 22. Nxe4 Nc5 23. Nxc5 Bxc5 24. Ke2 g6 25. Nd4 fxe3 26. fxe3 Bxd4 27. exd4 Rxd4 28. Rhd1 Re4+ 29. Kf3 Re7 30. Rd3 g5 31. Rad1 Kg6 32. Rd7 Re6 33. Rxb7 Rc6 34. Rbd7 Rc3+ 35. Kf2 Kf5 36. R1d2 Kg6 37. R7d6 1-0

[Event "34th European Club Cup 2018"]
[Site "Halkidiki"]
[Date "2018.10.14"]
[Round "3"]
[White "Gayson, Peter M"]
[Black "Brunner, Lucas"]
[Result "0-1"]
[WhiteElo "2150"]
[BlackElo "2457"]
[Annotator "TA"]
[PlyCount "102"]
[EventDate "2018.10.12"]
[EventType "team-tourn"]
[EventCountry "GRE"]
[SourceTitle "playchess.com"]
[Source "ChessBase"]
[SourceQuality "1"]
[WhiteTeam "White Rose"]
[BlackTeam "Zurich"]

1. e4 c6 2. d4 d5 3. e5 Bf5 4. Nf3 e6 5. Be2 Nd7 6. O-O Bg6 7. Bf4 Nh6 8. b3 Be7 9. c4 O-O 10. Bxh6 gxh6 11. Qd2 Kg7 12. Qe3 f6 13. Nbd2 fxe5 14. Nxe5 Nxe5 15. dxe5 d4 16. Qg3 Bg5 17. f4 d3 18. Bg4 Qd4+ 19. Qf2 Rxf4 20. Bf3 Rd8 21. Qxd4 Rfxd4 22. Rad1 Be3+ 23. Kh1 Rf4 24. Rfe1 Bf2 25. Rf1 Bb6 26. Rfe1 h5 27. Ne4 d2 28. Re2 Bxe4 29. Rxe4 Rxe4 30. Bxe4 h4 31. Bf3 Bf2 32. Bg4 Rd4 33. h3 Bg3 34. Be2 Bf2 35. Bf3 Kg6 36. Rf1 Bg3 37. Bd1 Bxe5 38. g4 hxg3 39. Kg2 Bf4 40. Kf3 e5 41. Bc2+ Kf6 42. Rd1 h6 43. Rg1 Ke7 44. Rd1 Kd6 45. Rg1 Kc5 46. a3 a5 47. Rb1 a4 48. bxa4 Rxc4 49. Rb2 Rc3+ 50. Kg2 Rxc2 51. Rxc2+ Kd5 0-1

[Event "34th European Club Cup 2018"]
[Site "Halkidiki"]
[Date "2018.10.14"]
[Round "3"]
[White "Papadiamandis, Elliot"]
[Black "Willemze, Thomas"]
[Result "0-1"]
[WhiteElo "2149"]
[BlackElo "2408"]
[Annotator "NA"]
[PlyCount "114"]
[EventDate "2018.10.12"]
[EventType "team-tourn"]
[EventCountry "GRE"]
[SourceTitle "playchess.com"]
[Source "ChessBase"]
[SourceQuality "1"]
[WhiteTeam "Bois-Colombes"]
[BlackTeam "BSG"]

1. e4 g6 2. d4 c6 3. Nf3 Bg7 4. Be2 d5 5. e5 Nh6 6. Bf4 f6 7. Qd2 Nf7 8. h4 Bg4 9. exf6 exf6 10. Qe3+ Qe7 11. Qxe7+ Kxe7 12. Nbd2 Nd7 13. O-O-O Bh6 14. Bxh6 Nxh6 15. Bd3 Kd6 16. Rde1 Nf8 17. Nh2 Ne6 18. Ndf3 Nf4 19. Nxg4 Nxg4 20. Ref1 Nxd3+ 21. cxd3 Rae8 22. Kd2 Re7 23. Re1 Nxf2 24. Rxe7 Kxe7 25. Re1+ Kf7 26. Rf1 Ng4 27. Ng5+ Ke7 28. Re1+ Kd7 29. Ne6 b6 30. Nf4 Nh6 31. Kc3 Nf5 32. Rh1 Rf8 33. g4 Ng7 34. h5 Ne6 35. Nxe6 Kxe6 36. hxg6 hxg6 37. Rh6 g5 38. a4 a5 39. Rh7 f5 40. gxf5+ Kxf5 41. Rh1 Rg8 42. Rf1+ Kg4 43. Rf6 Kh5 44. Rxc6 g4 45. Rxb6 g3 46. Re6 g2 47. Re1 g1=Q 48. Rxg1 Rxg1 49. b4 Ra1 50. bxa5 Rxa4 51. Kb3 Rxa5 52. Kb4 Ra8 53. Kc5 Rd8 54. Kc6 Kg4 55. Kc7 Rh8 56. Kd6 Rh5 57. Ke6 Kf4 0-1

[Event "34th European Club Cup 2018"]
[Site "Halkidiki"]
[Date "2018.10.14"]
[Round "3"]
[White "Stanic, Zoran"]
[Black "Nelson, Jonathan P"]
[Result "1/2-1/2"]
[WhiteElo "2143"]
[BlackElo "2181"]
[Annotator "NA"]
[PlyCount "63"]
[EventDate "2018.10.12"]
[EventType "team-tourn"]
[EventCountry "GRE"]
[SourceTitle "playchess.com"]
[Source "ChessBase"]
[SourceQuality "1"]
[WhiteTeam "Bonnevoie"]
[BlackTeam "Blackthorne"]

1. e4 d6 2. d4 Nf6 3. Nc3 e5 4. Nf3 exd4 5. Nxd4 Be7 6. Bc4 O-O 7. Qf3 Nbd7 8. Bb3 c5 9. Nf5 Ne5 10. Nxe7+ Qxe7 11. Qe2 Be6 12. Bxe6 fxe6 13. Bg5 Nc6 14. O-O h6 15. Bh4 g5 16. Bg3 e5 17. Rfe1 Qf7 18. Rad1 Nd4 19. Qd2 b5 20. a3 Rac8 21. Nb1 Rc6 22. c3 Ne6 23. Qe2 c4 24. a4 bxa4 25. Na3 Nh5 26. Qc2 Nc5 27. Re2 Qe6 28. Rd5 Nf6 29. Rd1 Nh5 30. Rd5 Nf6 31. Rd1 Nh5 32. Rd5 1/2-1/2

[Event "34th European Club Cup 2018"]
[Site "Halkidiki"]
[Date "2018.10.14"]
[Round "3"]
[White "Willis, Rupert"]
[Black "Otero Martinez, Daniel"]
[Result "1-0"]
[WhiteElo "2131"]
[BlackElo "2167"]
[Annotator "NA"]
[PlyCount "117"]
[EventDate "2018.10.12"]
[EventType "team-tourn"]
[EventCountry "GRE"]
[SourceTitle "playchess.com"]
[Source "ChessBase"]
[SourceQuality "1"]
[WhiteTeam "Grantham"]
[BlackTeam "Dublin"]

1. c4 c6 2. e4 d5 3. exd5 cxd5 4. d4 Nf6 5. Nc3 Nc6 6. Nf3 Bg4 7. cxd5 Nxd5 8. Qb3 Bxf3 9. gxf3 e6 10. Qxb7 Nxd4 11. Bb5+ Nxb5 12. Qxb5+ Qd7 13. Qxd7+ Kxd7 14. Nxd5 exd5 15. Be3 Bd6 16. O-O-O Kc6 17. f4 Rac8 18. Rd3 Bc5 19. Rhd1 Rhd8 20. Rc3 Kb5 21. Kb1 d4 22. Bxd4 Bxd4 23. Rxc8 Rxc8 24. Rxd4 Re8 25. Rd7 Re1+ 26. Kc2 Re2+ 27. Kc3 Rxf2 28. Rxf7 Rxh2 29. Rxa7 Rg2 30. Re7 Kb6 31. a4 h5 32. Re6+ Kb7 33. Re5 Rg4 34. Rxh5 Rxf4 35. b4 Rg4 36. Rd5 g5 37. Rd4 Rh4 38. Kd3 Rh3+ 39. Kc4 Kc7 40. Kb5 Rf3 41. Rd5 g4 42. Rg5 g3 43. Rg7+ Kb8 44. a5 Rf5+ 45. Ka4 Rf3 46. a6 Ka8 47. b5 Rf4+ 48. Ka5 Rf8 49. Rxg3 Rh8 50. Rg6 Rf8 51. Rd6 Rh8 52. Rd7 Rg8 53. b6 Rh8 54. Kb5 Rg8 55. Kc6 Rc8+ 56. Rc7 Rh8 57. b7+ Ka7 58. Rc8 Rh6+ 59. Kd5 1-0

[Event "34th European Club Cup 2018"]
[Site "Halkidiki"]
[Date "2018.10.14"]
[Round "3"]
[White "Van Twillert, Laurents"]
[Black "Buscher, Michael"]
[Result "0-1"]
[WhiteElo "2117"]
[BlackElo "2393"]
[Annotator "TA"]
[PlyCount "156"]
[EventDate "2018.10.12"]
[EventType "team-tourn"]
[EventCountry "GRE"]
[SourceTitle "playchess.com"]
[Source "ChessBase"]
[SourceQuality "1"]
[WhiteTeam "En Passant"]
[BlackTeam "Echiquier Amaytois"]

1. e4 c5 2. Nf3 Nc6 3. Bb5 Nf6 4. Qe2 Qc7 5. O-O a6 6. Bxc6 Qxc6 7. Re1 d6 8. e5 Nd5 9. d4 cxd4 10. Nxd4 Qb6 11. Nb3 dxe5 12. Qxe5 Qe6 13. Qxe6 Bxe6 14. Nd4 Bd7 15. c4 Nb4 16. a3 Nd3 17. Rd1 Nxc1 18. Rxc1 Rc8 19. b4 g6 20. Ra2 Bg7 21. Nb3 O-O 22. Nc5 Bc6 23. Re2 e6 24. Rd1 Rfd8 25. Red2 Rxd2 26. Rxd2 Bf8 27. Nc3 Bxc5 28. bxc5 Kf8 29. f3 Ke7 30. Kf2 Bd7 31. Rb2 Rxc5 32. Rxb7 Rxc4 33. Ne4 f5 34. Nd2 Rc3 35. a4 Kd8 36. Ra7 Rc2 37. Ke3 Bxa4 38. Rxa6 Bb5 39. Ra5 Rc5 40. f4 e5 41. fxe5 Rxe5+ 42. Kf4 Rd5 43. Nf3 h6 44. h4 Ke7 45. Ra8 Kf6 46. Rf8+ Kg7 47. Rb8 Bd7 48. Rb7 Kf6 49. Rb6+ Be6 50. Ke3 Ra5 51. Nd4 Re5+ 52. Kf2 Re4 53. Nxe6 Rxe6 54. Rb4 Ke5 55. Kf3 Rd6 56. Rb5+ Kf6 57. Rb3 g5 58. hxg5+ Kxg5 59. Ra3 h5 60. g3 Rd4 61. Rb3 h4 62. gxh4+ Rxh4 63. Rb8 Rh3+ 64. Kf2 Kg4 65. Rg8+ Kf4 66. Rf8 Rh2+ 67. Kg1 Rd2 68. Ra8 Kg4 69. Ra3 f4 70. Ra8 Kg3 71. Kf1 Rf2+ 72. Kg1 Rb2 73. Kf1 Rb1+ 74. Ke2 f3+ 75. Ke3 Re1+ 76. Kd2 f2 77. Rg8+ Kh4 78. Rh8+ Kg5 0-1

[Event "34th European Club Cup 2018"]
[Site "Halkidiki"]
[Date "2018.10.14"]
[Round "3"]
[White "Zymberi, Astrit"]
[Black "Peoples, Jonathon"]
[Result "1-0"]
[WhiteElo "2115"]
[BlackElo "1856"]
[Annotator "NA"]
[PlyCount "53"]
[EventDate "2018.10.12"]
[EventType "team-tourn"]
[EventCountry "GRE"]
[SourceTitle "playchess.com"]
[Source "ChessBase"]
[SourceQuality "1"]
[WhiteTeam "Drejtesia"]
[BlackTeam "Ballinasloe"]

1. d4 Nf6 2. c4 e6 3. Nc3 Bb4 4. e3 O-O 5. Nge2 d5 6. a3 Be7 7. cxd5 exd5 8. Nf4 c6 9. Bd3 Re8 10. O-O Nbd7 11. f3 Nf8 12. b4 Ne6 13. Nfe2 a5 14. Rb1 Bd6 15. Kh1 Qc7 16. e4 dxe4 17. fxe4 Bxh2 18. e5 Bxe5 19. dxe5 Qxe5 20. Rf5 Qc7 21. Rxf6 gxf6 22. Ne4 Kg7 23. Qd2 Ng5 24. Nxf6 Re5 25. Ne8+ Rxe8 26. Qxg5+ Kf8 27. Bb2 1-0

[Event "34th European Club Cup 2018"]
[Site "Halkidiki"]
[Date "2018.10.14"]
[Round "3"]
[White "Jashari, Ardian"]
[Black "Nordquelle, Daniel"]
[Result "1-0"]
[WhiteElo "2113"]
[BlackElo "2235"]
[Annotator "NA"]
[PlyCount "73"]
[EventDate "2018.10.12"]
[EventType "team-tourn"]
[EventCountry "GRE"]
[SourceTitle "playchess.com"]
[Source "ChessBase"]
[SourceQuality "1"]
[WhiteTeam "Dardania"]
[BlackTeam "Nordstrand"]

1. e4 c5 2. Nf3 d6 3. Bb5+ Nd7 4. Bxd7+ Bxd7 5. d4 cxd4 6. Qxd4 e5 7. Qd3 h6 8. O-O Nf6 9. c4 Rc8 10. b3 a6 11. Ba3 b5 12. Nbd2 Bc6 13. Rfe1 Be7 14. Rac1 O-O 15. cxb5 axb5 16. Bb4 Qc7 17. Nf1 Rfd8 18. Ng3 g6 19. Qd2 Qb7 20. Qxh6 Bxe4 21. Rxc8 Rxc8 22. Nxe5 Qd5 23. Nxe4 Nxe4 24. Nxg6 Bf6 25. Qe3 Nxf2 26. Qxf2 Qg5 27. Nf4 Be5 28. Nd3 Bg7 29. Kh1 Qd5 30. Nf4 Qf5 31. Nh3 Qd5 32. Qf3 Qd4 33. a3 Bh6 34. Rd1 Rc1 35. Rxc1 Bxc1 36. Nf2 Be3 37. Qg4+ 1-0

[Event "34th European Club Cup 2018"]
[Site "Halkidiki"]
[Date "2018.10.14"]
[Round "3"]
[White "Schmidt, Martin"]
[Black "Rendle, Thomas E"]
[Result "0-1"]
[WhiteElo "2100"]
[BlackElo "2366"]
[Annotator "NA"]
[PlyCount "71"]
[EventDate "2018.10.12"]
[EventType "team-tourn"]
[EventCountry "GRE"]
[SourceTitle "playchess.com"]
[Source "ChessBase"]
[SourceQuality "1"]
[WhiteTeam "Dublin"]
[BlackTeam "Grantham"]

1. e4 e6 2. d4 d5 3. Nd2 Be7 4. Bd3 c5 5. dxc5 Nf6 6. Qe2 Nc6 7. Ngf3 Nb4 8. e5 Nd7 9. Nb3 Nxd3+ 10. Qxd3 a5 11. Be3 a4 12. Nbd2 Qc7 13. Bd4 Bxc5 14. c4 Bxd4 15. Qxd4 Qc5 16. Qxc5 Nxc5 17. Ke2 O-O 18. b4 Nd7 19. a3 b6 20. cxd5 exd5 21. Ke3 f6 22. exf6 Nxf6 23. Ne5 d4+ 24. Kxd4 Bb7 25. Ndf3 Rac8 26. Rac1 Rfd8+ 27. Ke3 Nd5+ 28. Ke4 Nxb4+ 29. Kf5 Nc2 30. Rb1 Rd6 31. Rb2 Rc5 32. Rhb1 Bxf3 33. gxf3 Nxa3 34. Rxb6 Rxb6 35. Rxb6 Rxe5+ 36. Kxe5 0-1

[Event "34th European Club Cup 2018"]
[Site "Halkidiki"]
[Date "2018.10.14"]
[Round "3"]
[White "McMillan, Charles Stuart"]
[Black "Rosenthal, Jonathan"]
[Result "0-1"]
[WhiteElo "2070"]
[BlackElo "2315"]
[Annotator "NA"]
[PlyCount "90"]
[EventDate "2018.10.12"]
[EventType "team-tourn"]
[EventCountry "GRE"]
[SourceTitle "playchess.com"]
[Source "ChessBase"]
[SourceQuality "1"]
[WhiteTeam "White Rose"]
[BlackTeam "Zurich"]

1. e4 c6 2. d4 d5 3. e5 Bf5 4. Nc3 e6 5. g4 Bg6 6. Nge2 c5 7. h4 h5 8. Nf4 Bh7 9. Nxh5 Nc6 10. dxc5 Bxc5 11. Bb5 Qc7 12. Bxc6+ Qxc6 13. Qf3 Be4 14. Nxe4 dxe4 15. Qe2 O-O-O 16. Rh3 Kb8 17. Bg5 Ne7 18. Rd1 e3 19. fxe3 Qb6 20. c3 Rxd1+ 21. Kxd1 Nc6 22. Nxg7 Nxe5 23. h5 Qa5 24. a3 Qa4+ 25. Ke1 Ka8 26. e4 Bd6 27. Be3 Qxe4 28. Bd4 Qb1+ 29. Kf2 Nc6 30. Nxe6 Rc8 31. Nc5 Qc1 32. Nd3 Qg5 33. Be3 Qd5 34. Rf3 Re8 35. Rf5 Qe4 36. h6 Ne7 37. Rxf7 Nd5 38. Rf3 Qxg4 39. Ne1 Qh4+ 40. Kf1 Qh1+ 41. Kf2 Nxe3 42. Rxe3 Bc5 43. Ng2 Rf8+ 44. Qf3 Rxf3+ 45. Kxf3 Bxe3 0-1